| Поле | Название | Значение |
| |
Тип записи |
a |
| |
Библиографический уровень |
m |
| 001 |
Контрольный номер |
RU/SLIB/B/208765221 |
| 005 |
Дата корректировки |
20201206204236.9 |
| 010 |
Индекс ISBN |
__ |
| d |
Цена |
75-00 |
| 101 |
Язык документа |
0_ |
| a |
Язык текста |
rus |
| 200 |
Заглавие и сведения об ответственности |
1_ |
| a |
Заглавие |
Природа и природные ресурсы Сибири и Дальнего Востока, их охрана и рациональное использование, 1999 |
| e |
Сведения, относящиеся к заглавию |
текущ. указ. лит. |
| f |
Первые сведения об ответственности |
сост.: А. А. Леонова [и др.] |
| b |
Общее обозначение материала |
Текст |
| h |
Номер части |
Вып. 4-6 |
| 210 |
Выходные данные |
__ |
| a |
Место издания |
Новосибирск |
| c |
Издательство |
ГПНТБ СО РАН |
| d |
Дата издания |
2000 |
| 215 |
Физическое описание |
__ |
| a |
Объем |
428 с. |
| 320 |
Библиография |
__ |
| a |
Библиография |
Имен. указ.: с. 125-142. - Геогр. указ.: с. 143-148 |
| 330 |
Аннотация |
__ |
| a |
Аннотация |
Целевое назначение указателя - оперативное информирование научных сотрудников и специалистов научно-исследовательских учреждений, вузов, производственных организаций о новой литературе по климату, гидрологии, гляциологии, геологии, полезным ископаемым, почвам, растительному и животному миру, по вопросам охраны и рационального использования минеральных и водных ресурсов, растительного и животного мира, защиты от загрязнения атмосферы, почв, ландшафтов Сибири и на Дальнем Востоке, по влиянию природных факторов и антропогенных изменений среды на организм человека. |
| 606 |
Тематические рубрики |
__ |
| a |
Основная рубрика |
Литература универсального содержания |
| 606 |
Тематические рубрики |
__ |
| a |
Основная рубрика |
Библиографические пособия |
| 606 |
Тематические рубрики |
__ |
| a |
Основная рубрика |
Общенаучные и междисциплинарные знания |
| 606 |
Тематические рубрики |
__ |
| a |
Основная рубрика |
Общие вопросы естественных и точных наук |
| 610 |
Ключевые слова |
__ |
| a |
Ключевые слова |
литология; тектоника; стратиграфия; биостратиграфия; неотектоника; геоморфология; магматизм; метаморфизм; вулканизм; инженерная геология; климат; недра; воды; суши; почвы; растительный мир; растительность; флористика; систематика; ледники; погода; загрязнение окружающей среды; атмосфера; тундры; степи; луга; болота; плодородие; моря; океаны; беспозвоночные; черви; губки; кишечнополостные; членистоногие; моллюски; иглокожие; позвоночные; птицы; ландшафты; заповедное дело; библиографическое описание; библиографические записи; палеонтология; минералогия; геофизика; полезные ископаемые; метеорология; геология; растения; ботаника; животные; экология; охрана окружающей среды; биология; физиология; биохимия; биофизика; человек; природопользование; библиография; природные ресурсы |
| 686 |
Индексы других классификаций |
__ |
| a |
Классификационный индекс |
91.9:2 |
| 686 |
Индексы других классификаций |
__ |
| a |
Классификационный индекс |
20я1 |
| 702 |
Вторичная интеллектуальная ответственность |
_1 |
| a |
Фамилия |
Леонова |
| b |
Имя |
А. А. |
| 4 |
Код отношения |
Составитель |
| 4 |
Код отношения |
220 |
| 801 |
Источник записи |
_0 |
| a |
Страна |
RU |
| b |
Организация |
Муниципальное бюджетное учреждение культуры "Централизованная библиотечная система" г. Сургут (Центральная городская библиотека им. А. С. Пушкина) |
| g |
Правила каталогизации |
КиК/Поспелова |
| 801 |
Источник записи |
_1 |
| a |
Страна |
RU |
| b |
Организация |
Муниципальное бюджетное учреждение культуры "Централизованная библиотечная система" г. Сургут (Центральная городская библиотека им. А. С. Пушкина) |
| g |
Правила каталогизации |
КиК/Поспелова |
| 852 |
Данные о местонахождении |
__ |
| j |
Шифр хранения |
91.9:2 |
| i |
Авторский знак |
П 77 |
| p |
Инвентарный номер |
Б/Н |
| 901 |
Тип документа |
__ |
| t |
Тип документа |
m |
| 903 |
Характеристики (МАРС) |
__ |
| a |
Дата передачи |
20040316 |
| 969 |
Тип издания |
__ |
| a |
Тип издания |
указатель |
| 990 |
Данные о заказе (DOS) |
__ |
| j |
Количество экземпляров (DOS) |
1 |
| h |
N записи в КСУ для Б/У (DOS) |
200403 |